LEADER 00907nam a2200217 i 4500 001 000000014018 003 CaOOAMICUS 005 20251202084656.0 008 180830s1879 it u000 u ita u 040 $aSeMil$bita 100 1 $aHolbach, Paul Henri : Dietrich,$c.$0(OLS)http://semarc/name/3228 245 13$aLa politica naturale :$bdiscorsi su i veri pincipii del governo /$cdell'antico magistrato Barone Holbach ; traduzione di Luigi Salvadori. 250 $a[2. Ed.]. 260 $aMantova :$bBortolo Balbiani,$c1879. 300 $a2 v. ;$c18 cm. 700 1 $aSalvadori, Luigi.$0(OLS)http://semarc/name/6618 774 0 $t1.$g1$w()78447 774 0 $t2.$g2$w()251626 996 $6245$aLa politica naturale :$bdiscorsi su i veri pincipii del governo$9(OLS)http://semarc/title/18621 996 $6260$aMantova :$bBortolo Balbiani$9(OLS)http://semarc/publisher/33795 LEADER 01116nam a2200241 i 4500 001 000000184570 003 CaOOAMICUS 005 20151020000000.0 008 151020s1980 it u000 u ita u 013 $a162552 040 $aSeMil$bita 245 10$aSantitą cristiana :$bdono di Dio e impegno dell'uomo /$ca cura di Ermanno Ancilli. 260 $aRoma :$bPontificio Istituto di spiritualitą del Teresianum,$c1980. 300 $a431 p. ;$c21 cm. 490 0 $aCollana della Rivista di vita spirituale ;$v15 650 4$aSantitą.$0(OLS)http://semarc/subject/6015 700 1 $aAncilli, Ermanno,$c.$0(OLS)http://semarc/name/103 830 0$aCollana della Rivista di vita spirituale ;$v15.$0(OLS)http://semarc/title/10865 850 $aSeMil 852 $aSeMil$W1$xVenegono$y1$m2C VI 111$j135266$B135266$CSeMilBibl$Z2$F146935 $81 961 $aOmaggio: Martinelli don Romano 996 $6245$aSantitą cristiana :$bdono di Dio e impegno dell'uomo$9(OLS)http://semarc/title/264966 996 $6260$aRoma :$bPontificio Istituto di spiritualitą del Teresianum$9(OLS)http://semarc/publisher/39184